Business Organisation and Management/ (Record no. 191036)

MARC details
000 -LEADER
fixed length control field 00544nam a22001817a 4500
005 - DATE AND TIME OF LATEST TRANSACTION
control field 20220817163613.0
010 ## - LCCN (DPL NO)
LC control number ENG-134460
020 ## - INTERNATIONAL STANDARD BOOK NUMBER
International Standard Book Number 9789382730446
Terms of availability 1395.00
035 ## - SYSTEM CONTROL NUMBER
System control number EN-117992
037 ## - SOURCE OF ACQUISITION
Source of stock number/acquisition DBAD/PUB
082 ## - DEWEY DECIMAL CLASSIFICATION NUMBER
Classification number 658
100 ## - MAIN ENTRY--PERSONAL NAME
Personal name Deshmukh,Rajesh M.
245 ## - TITLE STATEMENT
Title Business Organisation and Management/
Statement of responsibility, etc by Rajesh M.Deshmukh
260 ## - PUBLICATION, DISTRIBUTION, ETC. (IMPRINT)
Name of publisher, distributor, etc Garima Prakashan
Date of publication, distribution, etc 2018
Place of publication, distribution, etc Kanpur
270 ## - ADDRESS
Address 1st Floor Mayur Park Basant Vihar Naubasta,
City Kanpur
Postal code 208021
300 ## - PHYSICAL DESCRIPTION
Extent 340p.
Dimensions 22cm(Hb)
942 ## - ADDED ENTRY ELEMENTS (KOHA)
Source of classification or shelving scheme Dewey Decimal Classification
Item type English Books
Classification part 658
Call number suffix DES
Holdings
Withdrawn status Lost status Not for loan Collection code Home library Current library Date acquired Source of acquisition Cost, normal purchase price Full call number Barcode Copy number Cost, replacement price Koha item type
      Non-fiction Ashok Vihar Ashok Vihar 17/08/2022 DBAD/PUB 1395.00 658 DES EN-117992 1 1395.00 English Books

© Delhi Public Library
Hit Counter
free hit counter